| Tag |
First Indicator |
Second Indicator |
Subfields |
| LEADER |
00000ccm a2200000Ia 4500 |
| 001 |
in00002425006 |
| 005 |
20151109170051.0 |
| 008 |
850419r19951914causga d n ger d |
| 028 |
2 |
2 |
|a BEL 5338
|b Belmont
|
| 035 |
|
|
|a (OCoLC)ocm34274193
|
| 035 |
|
|
|a (OCoLC)ocn34274193
|
| 035 |
|
|
|a (OCoLC)225767317
|
| 035 |
|
|
|a (OCoLC)34274193
|
| 040 |
|
|
|a MNO
|c MNO
|d OCLCG
|d TXA
|d UtOrBLW
|
| 041 |
0 |
|
|e ger
|
| 045 |
0 |
|
|b d1909
|
| 048 |
|
|
|a vh01
|a ka01
|
| 049 |
|
|
|a TXAM
|
| 082 |
0 |
4 |
|a 784.31
|
| 090 |
|
|
|a M1621
|b .S36 op.15 1995
|
| 100 |
1 |
|
|a Schoenberg, Arnold,
|d 1874-1951.
|
| 240 |
1 |
0 |
|a Buch der hängenden Gärten
|
| 245 |
1 |
0 |
|a 15 poems from Das Buch der hängenden Gärten by Stefan George :
|b for voice and piano, op. 15 /
|c Arnold Schoenberg.
|
| 246 |
3 |
|
|a Fifteen poems from Das Buch der hängenden Gärten by Stefan George
|
| 264 |
|
1 |
|a Pacific Palisades, CA :
|b Belmont,
|c [1995?]
|
| 300 |
|
|
|a 1 score (37 pages) ;
|c 31 cm.
|
| 336 |
|
|
|a notated music
|b ntm
|2 rdacontent
|
| 337 |
|
|
|a unmediated
|b n
|2 rdamedia
|
| 338 |
|
|
|a volume
|b nc
|2 rdacarrier
|
| 500 |
|
|
|a "Der Notentext entspricht der Gesamtausgabe Band I/1 herausgegeben von Josef Rufer."
|
| 500 |
|
|
|a For voice and piano.
|
| 546 |
|
|
|a German words; also printed as text preceding score.
|
| 500 |
|
|
|a Reprint. Originally published: Wein : Universal, 1914.
|
| 600 |
1 |
0 |
|a George, Stefan,
|d 1868-1933
|v Musical settings.
|
| 650 |
|
0 |
|a Songs (High voice) with piano.
|
| 700 |
1 |
|
|a George, Stefan,
|d 1868-1933.
|t Buch der hängenden Garten.
|k Selections.
|
| 948 |
|
|
|a cataloged
|b h
|c 2008/11/18
|d c
|e bhartsfi
|f 9:50:37 am
|
| 994 |
|
|
|a C0
|b TXA
|
| 999 |
|
|
|a MARS
|
| 999 |
f |
f |
|s 56825335-7833-3cd6-a200-a094b7ea030d
|i 6444c015-9c08-30cc-9872-f0f27c0f7bae
|t 0
|
| 952 |
f |
f |
|p ric
|a Texas A&M University
|b Rellis Campus
|c Joint Library Facility
|d Remote Storage
|t 0
|e M1621 .S36 op.15 1995
|h Library of Congress classification
|i unmediated -- volume
|m A14837529480
|
| 998 |
f |
f |
|a M1621 .S36 op.15 1995
|t 0
|l Remote Storage
|